00334pab a2200133 454500008004000000100001600040245003700056260000900093300001200102362001100114650003800125650002200163773001500185180718b1996 xxu||||| |||| 00| 0 eng d aJayaraj, C. aUS attitude to international law c1996 ap.17-18 a16 Mar aInternational law - United States aInternational law aMainstream